000 00339nam a2200157Ia 4500
008 200305s9999 xx 000 0 und d
020 _a978-0-333-75313-5
082 _a820.9355
082 _bNIR
100 _aNIRO BRIAN
245 _aRACE
260 _aUK
_bPALGRAVE MACMILLAN
300 _a198
650 _aENGLISH
999 _c40280
_d40280
041 _aeng